00645 2200229 4500001002100000005001500021035002000036007000300056008004100059020001600100082001000116084001600126100002600142245009200168260003600260300003300296650002000329520002800349520001400377990001200391990001200403INLIS00000000000271520190107030144 a0010-0119000067ta190107 g 0 ind  a602401217-5 a304.2 a304.2 RIZ p0 aRIZA, Sativani Hayati1 aPengelolaan Lingkungan, Adaptasi Desa Wisata Lingkungan Sukunan /cRiza Sativani Hayati aYogyakarta :bDeepublish,c2016 ax, 59 hlm. :bilus. ;c23 cm aEKOLOGI MANUSIA aBibliografi: hlm. 57-59 aGlosarium a16917 a a16917 b